| 000 | 03017cam a2200553Ii 4500 | ||
|---|---|---|---|
| 001 | 854029 | ||
| 003 | OSt | ||
| 005 | 20251205040116.0 | ||
| 008 | 160229t20162016nyuab e 000 1 eng | ||
| 010 | _a 2016006512 | ||
| 020 |
_a9780399173516 _q(hardcover) |
||
| 020 |
_a039917351X _q(hardcover) |
||
| 020 |
_a9780399173516 ; _c27.00 |
||
| 035 | _a778885 | ||
| 035 |
_a(OCoLC)913135939 _z(OCoLC)930777014 |
||
| 035 | _a(OCoLC)ocn913135939 | ||
| 035 | _a777367 | ||
| 035 | _a778885 | ||
| 035 | _a778885 | ||
| 040 |
_aDLC _beng _erda _cDLC _dYDXCP _dBTCTA _dBDX _dTOH _dFN4 _dOCLCF _dFLWMD _dOCLCO _dQX9 _dOCLCO _dIH7 _dOCO _dOCLCO _dJQM _dRB0 _dZGV _dJP3 _dIFA |
||
| 042 | _apcc | ||
| 043 | _an-us-fl | ||
| 049 | _aIFAA | ||
| 099 | _f2016 | ||
| 100 | 1 |
_aWhite, Randy Wayne, _eauthor. |
|
| 245 | 1 | 0 |
_aDeep blue / _cRandy Wayne White. |
| 264 | 1 |
_aNew York : _bG.P. Putnam's Sons, _c[2016] |
|
| 264 | 4 | _c♭2016 | |
| 300 |
_axvi, 316 pages : _billustration, map ; _c24 cm. |
||
| 336 |
_atext _btxt _2rdacontent |
||
| 337 |
_aunmediated _bn _2rdamedia |
||
| 338 |
_avolume _bnc _2rdacarrier |
||
| 490 | 1 | _aDoc Ford series | |
| 500 | _aMap on endpapers. | ||
| 520 |
_a"Doc Ford has long lived a double life. This time, it may finally have caught up to him. The electrifying new thriller from the New York Times-bestselling author. "I'll make an example of someone close to you." On a moonless night on Sanibel Island, Florida, marine biologist Marion "Doc" Ford carefully watches a video of a hooded man executing three hostages. The man is an American working with ISIS, and in the next few days, it'll be Ford's job, as part of his shadowy second life, to make sure he never kills anybody else again. But a lot can go wrong in a few days, and Ford has no way of knowing that not only will the operation prove to be a lot more complicated than he has anticipated, but that he'll end up bringing those complications back with him to the small community of boaters, guides, lovers, and friends in Dinkin's Bay, where he's long made his home. Someone has taken Ford's actions very personally, and now no one there is safe - least of all, Ford himself. "White continues to provide thinking readers with action-packed thrillers that are also thoughtful and informative," writes Bookreporter.com. "By the end, you won't be able to read fast enough." Better get started now"-- _cProvided by publisher. |
||
| 650 | 0 |
_aFord, Doc (Fictitious character) _vFiction. |
|
| 650 | 0 |
_aMarine biologists _vFiction. |
|
| 650 | 0 |
_aTerrorists _vFiction. |
|
| 651 | 0 |
_aFlorida _vFiction. |
|
| 655 | 7 |
_aDetective and mystery fiction. _2lcgft |
|
| 655 | 7 |
_aThrillers (Fiction) _2lcgft |
|
| 800 | 1 |
_aWhite, Randy Wayne. _tDoc Ford series. |
|
| 830 | 0 | _aDoc Ford series. | |
| 902 | _aMARCIVE | ||
| 942 |
_2ddc _cBK |
||
| 999 |
_c31380 _d31378 |
||
| 999 | _bFICTION WHITE 2016 | ||